<?xml version="1.0" encoding="UTF-8"?>
<record
    xmlns:xsi="http://www.w3.org/2001/XMLSchema-instance"
    xsi:schemaLocation="http://www.loc.gov/MARC21/slim http://www.loc.gov/standards/marcxml/schema/MARC21slim.xsd"
    xmlns="http://www.loc.gov/MARC21/slim">

  <leader>02934nam a22002537a 4500</leader>
  <controlfield tag="008">250521b        |||||||| |||| 00| 0 eng d</controlfield>
  <datafield tag="020" ind1=" " ind2=" ">
    <subfield code="a">9791035821845</subfield>
  </datafield>
  <datafield tag="040" ind1=" " ind2=" ">
    <subfield code="c">tbs</subfield>
  </datafield>
  <datafield tag="041" ind1=" " ind2=" ">
    <subfield code="a">spa</subfield>
    <subfield code="a">fre</subfield>
  </datafield>
  <datafield tag="050" ind1=" " ind2=" ">
    <subfield code="a">PQ8098.29</subfield>
    <subfield code="b">.E68P38 1995</subfield>
  </datafield>
  <datafield tag="100" ind1=" " ind2=" ">
    <subfield code="a">Sep&#xFA;lveda, Luis</subfield>
    <subfield code="d">1949-</subfield>
    <subfield code="9">25280</subfield>
    <subfield code="e">author</subfield>
  </datafield>
  <datafield tag="245" ind1=" " ind2=" ">
    <subfield code="a">Patagonia express</subfield>
    <subfield code="c">/ Luis Sep&#xFA;lveda.</subfield>
  </datafield>
  <datafield tag="260" ind1=" " ind2=" ">
    <subfield code="a">Paris : </subfield>
    <subfield code="b">Belin &#xC9;ducation,</subfield>
    <subfield code="c">2022.</subfield>
  </datafield>
  <datafield tag="300" ind1=" " ind2=" ">
    <subfield code="a">255 pages ;</subfield>
    <subfield code="c">19 cm.</subfield>
  </datafield>
  <datafield tag="490" ind1=" " ind2=" ">
    <subfield code="a">No tan cl&#xE1;sicos</subfield>
  </datafield>
  <datafield tag="505" ind1=" " ind2=" ">
    <subfield code="a">Marginal vocabulary notes (in French and Spanish) &#x2014; B1-B2 Level &#x2014; A comprehensive file to understand the work, its characters, major themes, and its context &#x2014; Quizzes to memorize the essentials in a playful manner &#x2014; Activities to improve in English, thanks to the text of an exceptional author &#x2014; Contains exercises in the form of quizzes. The work is accompanied by a downloadable pedagogical guide at belin-education.com.

</subfield>
  </datafield>
  <datafield tag="505" ind1=" " ind2=" ">
    <subfield code="a">Notes de vocabulaire en marge (en fran&#xE7;ais et en espagnol) &#x2014; Niveau B1-B2 &#x2014; Un dossier complet pour comprendre l&#x2019;&#x153;uvre, ses personnages, ses th&#xE8;mes majeurs et son contexte &#x2014; Des quiz pour m&#xE9;moriser l&#x2019;essentiel de mani&#xE8;re ludique &#x2014; Des activit&#xE9;s pour progresser en anglais gr&#xE2;ce au texte d&#x2019;un auteur exceptionnel &#x2014; Contient des exercices sous forme de quiz. L&#x2019;&#x153;uvre est accompagn&#xE9;e d&#x2019;un guide p&#xE9;dagogique t&#xE9;l&#xE9;chargeable sur belin-education.com.</subfield>
  </datafield>
  <datafield tag="505" ind1=" " ind2=" ">
    <subfield code="a">Notas de vocabulario en los m&#xE1;rgenes (en franc&#xE9;s y en espa&#xF1;ol) &#x2014; Nivel B1-B2 &#x2014; Un dossier completo para entender la obra, sus personajes, sus grandes temas y su contexto &#x2014; Cuestionarios para recordar lo esencial de forma amena &#x2014; Actividades para mejorar tu ingl&#xE9;s a trav&#xE9;s del texto de un autor excepcional &#x2014; Incluye ejercicios en formato de cuestionario. La obra viene acompa&#xF1;ada de una gu&#xED;a pedag&#xF3;gica descargable en belin-education.com.</subfield>
  </datafield>
  <datafield tag="520" ind1=" " ind2=" ">
    <subfield code="a">From Patagonia to the Andalusian village of his anarchist grandfather, the author recounts his journey in search of his roots. His story will take you through breathtaking landscapes and introduce you to unforgettable characters. Through their stories, discover an extreme, wild, and moving world.</subfield>
  </datafield>
  <datafield tag="520" ind1=" " ind2=" ">
    <subfield code="a">De la Patagonie jusqu&#x2019;au village andalou de son grand-p&#xE8;re anarchiste, l&#x2019;auteur raconte son p&#xE9;riple &#xE0; la recherche de ses origines. Son r&#xE9;cit vous m&#xE8;nera dans des paysages &#xE0; couper le souffle, &#xE0; la rencontre de personnages inoubliables. D&#xE9;couvrez &#xE0; travers leurs histoires un monde extr&#xEA;me, sauvage et &#xE9;mouvant.</subfield>
  </datafield>
  <datafield tag="520" ind1=" " ind2=" ">
    <subfield code="a">Desde la Patagonia hasta el pueblo andaluz de su abuelo anarquista, el autor relata su viaje en busca de sus or&#xED;genes. Su historia te llevar&#xE1; por paisajes impresionantes y te presentar&#xE1; personajes inolvidables. A trav&#xE9;s de sus relatos, descubrir&#xE1;s un mundo extremo, salvaje y conmovedor.</subfield>
  </datafield>
  <datafield tag="651" ind1=" " ind2="0">
    <subfield code="a">Patagonia (Argentina and Chile)</subfield>
    <subfield code="x">Description and travel</subfield>
    <subfield code="9">25281</subfield>
  </datafield>
  <datafield tag="942" ind1=" " ind2=" ">
    <subfield code="2">lcc</subfield>
  </datafield>
  <datafield tag="952" ind1=" " ind2=" ">
    <subfield code="0">0</subfield>
    <subfield code="1">0</subfield>
    <subfield code="2">lcc</subfield>
    <subfield code="4">0</subfield>
    <subfield code="7">0</subfield>
    <subfield code="a">TBS</subfield>
    <subfield code="b">TBS</subfield>
    <subfield code="d">2025-05-21</subfield>
    <subfield code="l">0</subfield>
    <subfield code="o">READER-SP SEP</subfield>
    <subfield code="p">B05722</subfield>
    <subfield code="r">2025-05-21</subfield>
    <subfield code="t">1</subfield>
    <subfield code="w">2025-05-21</subfield>
    <subfield code="y">SPANISH</subfield>
  </datafield>
  <datafield tag="999" ind1=" " ind2=" ">
    <subfield code="c">4688</subfield>
    <subfield code="d">4688</subfield>
  </datafield>
</record>
